000 00929 a2200205 4500
001 59349
005 20260407155847.0
008 260407a1982 arg spa d
003 AR-UNSa-BCEJYS
040 _aAR-UNSa-BCEJYS
_bspa
_cAR-UNSa-BCEJYS
080 _a338.2(8)
_xPolítica económica. Control de la economía. gestión de la economía. planificación económica en América Latina
245 1 0 _aCompras estatales e integración económica
264 1 _aBuenos Aires :
_bBID/INTAL (Banco Interamericano de Desarrollo. Instituto para la integración de América Latina)
_c1982
300 _a274 p.
_c23 cm.
505 _a1. El poder de compra del sector público latinoamericano – 2. Análisis comparativo de las regulaciones nacionales – 3. Regulaciones regionales e internacionales -
942 _cBK
590 _aniveau_biblio:m niveau_hierar:0
100 1 _aOndarts, Guillermo
700 1 _aCorrea, Carlos María
999 _c6655
_d6655